000 00315nam a2200133Ia 4500
008 191201s2010 xx 000 0 und d
100 _aCHERUNILAM,Francis
245 0 _aInternational Business Text and Cases
250 _a5th
260 _aN. Delhi
_bPHI
_c2010
300 _a848
650 _aMBA
942 _2ddc
_cBK
999 _c4769
_d4769